| 000 | 01065cam a22002774a 4500 | ||
|---|---|---|---|
| 999 |
_c6624 _d6624 |
||
| 001 | 13273557 | ||
| 003 | OSt | ||
| 005 | 20200213095610.0 | ||
| 008 | 030714s2004 flua b 001 0 eng | ||
| 010 | _a 2003058468 | ||
| 020 | _a0849312582 (alk. paper) | ||
| 040 |
_aDLC _cDLC _dDLC |
||
| 042 | _apcc | ||
| 082 | 0 | 0 |
_a631.41 _222 _bESS 2004 |
| 100 | 1 |
_aEssington, Michael E. _913626 |
|
| 245 | 1 | 0 |
_aSoil and water chemistry : _ban integrative approach / _cby Michael E. Essington. |
| 260 |
_aBoca Raton : _bCRC Press, _c2004. |
||
| 300 |
_a534 p. : _bill. ; _c26 cm. |
||
| 504 | _aIncludes bibliographical references and index. | ||
| 650 | 0 |
_aSoil chemistry. _912776 |
|
| 650 | 0 |
_aWater chemistry. _912924 |
|
| 856 | 4 | 2 |
_3Publisher description _uhttp://www.loc.gov/catdir/enhancements/fy0646/2003058468-d.html |
| 906 |
_a7 _bcbc _corignew _d1 _eocip _f20 _gy-gencatlg |
||
| 942 |
_2ddc _cO_SHELF |
||